01361agaaa2200313 45000010005000000030009000050050017000140070009000310080040000400400023000800410013001031000047001161300014001632400021001772450152001982460014003502500022003642600101003863000029004875080139005165110074006555200040007295380016007695460013007856500072007987000058008707000059009287000060009870536IT-RoPAU20220918181232.0d cvaizq50131s9999||||xx ||| | || ||und|| aIT-RoPAUcIT-RoPAU aITALIANO aPolanski RomangCodice regista SPICS: 1627 aCHINATOWN aCHINATOWNgT1712 aCHINATOWNcProdotto da: Evans Robert -- Sceneggiatura: Towne Robert -- Diretto da: Polanski RomanpCHINATOWN (Rif. Codice opera principale : D0536) aCHINATOWN aEdizione Standard a(USA)bEVANS ROBERT / Distribuzione: LASER DISCg"1974 (1° ed.: 1995 ; Ed. Lingua Orig.: 1974)" aLASER DISCbsonoro, col. a"Fotografia: Alonzo John A.; Montaggio: O'Steen Sam; Musica: Goldsmith Jerry; Sceneggiatura: Towne Robert; Scenografia: Levitt Ruby; " a"Nicholson Jack; Dunaway Faye; Hillerman Johnlopez Perry; Young Burt" aTRAMA VEDI VIDEOCASSETTA 9960/21584 aPAL, STEREO aITALIANO aDRAMMA GIALLOeVIDEODISCHI [LASER DISC]xCodice MATERIA SPICS: 9954 aGoldsmith Jerrye(musica)gCodice Musica SPICS: 10927 aPolanski Roman e(regista)gCodice regista SPICS: 1627 aTowne Robert e(soggetto)gCodice Soggetto SPICS: 29753